Super Smash Bros. Fighters #13E - The Daisy Quiz - Statistics

General Stats
  • This quiz has been taken 224 times
    154 since last reset
  • The average score is 9 of 14
Answer Stats
Hint Answer % Correct
Who is Daisy's love interest? Luigi
95%
This iconic Daisy quote was first spoken in Mario Kart Double Dash!! Hi {I}'{m} {Daisy}
83%
Daisy is the princess of which country? Sarasaland
82%
After a nine year absence, Daisy returned in which spin-off Mario game? Mario Tennis
79%
What game did Daisy debut in? Super Mario Land
79%
Daisy was an unlockable character in this mobile Mario auto-runner: Super Mario Run
78%
Throughout the Mario Kart series there have been 3 Daisy tracks. Name them all. Daisy {Circuit}
74%
Daisy appeared as a playable character in this 2023 Super Mario game: Super Mario Bros. Wonder
63%
In that game, who was her alien captor? Tatanga
56%
Because she gets to let Daisy's personality shine, this spin-off Mario sports series is the voice actor's favourite apparently: Mario Strikers
51%
Throughout the Mario Kart series there have been 3 Daisy tracks. Name them all. Daisy {Cruiser}
49%
Name one of Daisy’s alternative costumes available in Mario Kart Tour Holiday Cheer, Fairy, Kimono...
30%
Throughout the Mario Kart series there have been 3 Daisy tracks. Name them all. Daisy {Hills}
26%
Daisy has had three different voice actors over the years. Who is her current voice actor? Deanna Mustard
15%
No matching quizzes found
Score Distribution
Percent of People with Each Score
Percentile by Number Answered
Your Score History
You have not taken this quiz since the last reset